Actor's With "K" in Their Name by Picture - Statistics

General Stats
  • This quiz has been taken 163 times
    149 since last reset
  • The average score is 7 of 11
Answer Stats
Picture Answer % Correct
Keanu Reeves
94%
Ashton Kutcher
76%
Ian McKellen
73%
Mila Kunis
73%
Anthony Hopkins
69%
Ben Kingsley
63%
Mike Myers
63%
Diane Keaton
54%
Forest Whitaker
52%
Peter Dinklage
50%
Henry Winkler
46%
No matching quizzes found
Score Distribution
Percent of People with Each Score
Percentile by Number Answered
Your Score History
You have not taken this quiz since the last reset